Digital Technologies, Labour Market and Economic Reputation

Top 10 odvetví digitálneho náboru zamestnancov. Top 20 najvýznamnejších sektorov digitálneho narušenia (okrem digitálnych sektorov). Rozvoj dočasného zamestnania v Európe. Pohľad na rast miezd v Európe.

Na minha lista:
Detalhes bibliográficos
Autor principal: Lăzăroiu, George
Outros Autores: Rommer, Derek
Formato: Capítulo de Livro
Idioma:inglês
Assuntos:
Tags: Adicionar Tag
Sem tags, seja o primeiro a adicionar uma tag!

MARC

LEADER 00000nla a2200000 4500
001 0242986
005 20220803170720.1
041 0 |a eng 
044 |a SK 
245 1 0 |a Digital Technologies, Labour Market and Economic Reputation  |c George Lăzăroiu, Derek Rommer 
520 |a Top 10 odvetví digitálneho náboru zamestnancov. Top 20 najvýznamnejších sektorov digitálneho narušenia (okrem digitálnych sektorov). Rozvoj dočasného zamestnania v Európe. Pohľad na rast miezd v Európe. 
610 2 0 |a technológie informačné 
610 2 0 |a technológie komunikačné 
610 2 0 |a digitalizácia 
610 2 0 |a nábor pracovníkov 
610 2 0 |a trh práce 
610 2 0 |a mzdy 
610 2 0 |a Európa 
100 1 |a Lăzăroiu, George 
700 1 |a Rommer, Derek